Formula 1: Drivers Who Beat Them - Michael Schumacher - Statistics

General Stats
  • This quiz has been taken 43 times
  • The average score is 18 of 20
Answer Stats
Beat them in: Answer Nationality Teams % Correct
1993 Ayrton Senna Brazil McLaren
100%
2005-2006, 2010-2012 Fernando Alonso Spain Renault, Ferrari
100%
2010-2012 Lewis Hamilton UK McLaren
100%
2010-2012 Jenson Button UK McLaren
97%
2005, 2012 Kimi Räikkönen Finland McLaren, Lotus
97%
1993 Alain Prost France Williams
94%
1996-1997 Jacques Villeneuve Canada Williams
94%
2010-2012 Mark Webber Australia Red Bull
94%
1998 Mika Häkkinen Finland McLaren
94%
2010-2012 Sebastian Vettel Germany Red Bull
94%
2010-2012 Felipe Massa Brazil Ferrari
92%
1992 Nigel Mansell UK Williams
92%
2010 Robert Kubica Poland Renault
92%
2012 Sergio Pérez Mexico Sauber
92%
1993, 1996 Damon Hill UK Williams
89%
2010-2012 Nico Rosberg Germany Mercedes
86%
2012 Romain Grosjean France Lotus
86%
2012 Nico Hülkenberg Germany Force India
83%
2012 Kamui Kobayashi Japan Sauber
81%
1992 Riccardo Patrese Italy Williams
81%
No matching quizzes found
Score Distribution
Percent of People with Each Score
Percentile by Number Answered
Your Score History
You have not taken this quiz